000 00847cam a2200241 4500
001 D1102
008 090401t1971 xxu||||| |||| 00| 0 eng d
035 _a(Sirsi) u62541
041 _aeng
050 _a692.30968
110 _aThe Association of South African Quantity Surveyors
_91538
245 _aStandard system of measuring builders` work in South Africa and South West Africa, issued by the Association in consultation with The Building Industries Federation (South Africa)
250 _a4th
260 _aJohannesburg
_bThe Association of South African Quantit
_c1971
300 _aix. 131p. 29cm
350 _a0
520 _aFiled at SMM 1971/1B
650 _aMeasurement
_96256
650 _aSOUTH AFRICA
650 _aBUILT ENVIRONMENT-QUANTITY SURVEYING-STANDARD METHOD OF MEASURMENT
942 _n0
948 _c04/03/1997
999 _c94439
_d94439